| 000 | 02018cam a2200253 4500 | ||
|---|---|---|---|
| 001 | 2009 | ||
| 003 | OCoLC | ||
| 005 | 20181127164404.0 | ||
| 008 | 080128s2009 couab b 001 0 eng | ||
| 010 | _a2008003966 | ||
| 020 | _a081334364X (pbk. : alk. paper) | ||
| 020 | _a9780813343648 (pbk. : alk. paper) | ||
| 043 | _af------ | ||
| 245 | 0 | 0 |
_aAfrica in world politics : _breforming political order / _cedited by John W. Harbeson and Donald Rothchild. |
| 250 | _a4th ed. | ||
| 260 |
_aBoulder, CO : _bWestview Press, _cc2009. |
||
| 300 |
_axvi, 408 p. : _bill., maps ; _c23 cm. |
||
| 504 | _aIncludes bibliographical references and index. | ||
| 505 | 0 | _aIntimations of an African renaissance : recent progress, long term challenges / John W. Harbeson -- The heritage of colonialism / Crawford Young -- Africa and the world political economy : still caught between a rock and hard place? / Thomas M. Callaghy -- Africa and other civilizations : conquest and counter-conquest / Ali A. Mazrui -- Promising democratization trajectories in Africa's weak states / John W. Harbeson -- In pursuit of authority : civil society and rights-based discourses in Africa / Aili Mari Tripp -- The AIDS crisis : international relations and governance in Africa / Alan Whiteside and Anokhi Parikh -- The privatization of Africa's international relations / William Reno -- Inter-African negotiations and reforming political order / I. William Zartman -- The U.S. role in promoting peaceful African relations / Donald Rothchild -- The war on terrorism in Africa / Princeton N. Lyman -- Euro-Africa relations in the age of maturity / Gilbert M. Khadiagala -- China's engagement in Africa : scope, significance, and consequences / Denis M. Tull -- Reconciling sovereignty with responsibility : a basis for international humanitarian action / Francis M. Deng. | |
| 650 | 0 |
_aWorld politics _y1989- |
|
| 651 | 0 |
_aAfrica _xPolitics and government _y1960- |
|
| 700 | 1 |
_aHarbeson, John W. _q(John Willis), _d1938- |
|
| 700 | 1 | _aRothchild, Donald S. | |
| 999 |
_c1559 _d1559 |
||